Library of the University of Algiers 3
Ibrahim Sultan Cheibout
شعار جامعة الجزائر 3
مكتبة جامعة الجزائر 3
إبراهيم سلطان شيبوط

الرياضيات الحديثة : (رقم التسجيلة. 44595)

تفاصيل مارك
000 -LEADER
fixed length control field 01690nam a2200253Ia 4500
003 - CONTROL NUMBER IDENTIFIER
control field Ost
005 - DATE AND TIME OF LATEST TRANSACTION
control field 20260507075447.0
008 - FIXED-LENGTH DATA ELEMENTS--GENERAL INFORMATION
fixed length control field 260507s9999||||xx |||||||||||||| ||und||
020 ## - INTERNATIONAL STANDARD BOOK NUMBER
International Standard Book Number 53342499579
040 ## - CATALOGING SOURCE
Transcribing agency fsecg
041 ## - LANGUAGE CODE
Language code of text/sound track or separate title ara
082 ## - DEWEY DECIMAL CLASSIFICATION NUMBER
Classification number 510
100 ## - MAIN ENTRY--PERSONAL NAME
Personal name دار سلامة، خلود علي
Relator term مؤلف
245 #0 - TITLE STATEMENT
Title الرياضيات الحديثة :
Remainder of title المتتاليات،الدوال المتسامية،حل المعادلات الخطية،التكاملات الثنائية /
Statement of responsibility, etc. خلود علي دار سلامة
260 ## - PUBLICATION, DISTRIBUTION, ETC.
Place of publication, distribution, etc. عمان:
Name of publisher, distributor, etc. دار صفاء,
Date of publication, distribution, etc. 2007
300 ## - PHYSICAL DESCRIPTION
Extent 240 صفحة؛
Dimensions 24 سم
504 ## - BIBLIOGRAPHY, ETC. NOTE
Bibliography, etc. note بيبليوغرافيا ص.237
520 ## - SUMMARY, ETC.
Summary, etc. منذ القدم والرياضيات تعرف بأم العلوم وأطلقوا عليها أسماء كثيرة مثل ملكة العلوم وقيصرة العلوم إلى آخره من الأسماءالتي تبرز دور الرياضيات وأهميتها وأنطلاقا من الأهمية البالغة لهذا العلم الذي يدخل في جميع مناحي الحياة وإن هذه المادة هي متتطلب أجباري لمعظم التخصصات في الجامعات والكليات فقد ضم هذا الكتاب في طياته فصو رئيسية تناولت المواضيع التالية :مقدمة ، المتجهات العدديات ، الاحداثيات ، المنحنيات والمعادلات ، التكامل العددي ، الأعداد ، قوانين مثلثية
653 ## - INDEX TERM--UNCONTROLLED
Uncontrolled term دوال متسامية
653 ## - INDEX TERM--UNCONTROLLED
Uncontrolled term رياضيات حديثة
653 ## - INDEX TERM--UNCONTROLLED
Uncontrolled term متتاليات
653 ## - INDEX TERM--UNCONTROLLED
Uncontrolled term معادلات خطية
942 ## - ADDED ENTRY ELEMENTS (KOHA)
Koha item type كتب
المقتنيات
Withdrawn status Lost status Source of classification or shelving scheme Damaged status Not for loan Home library Current library Date acquired Serial enumeration / chronology Inventory number Total checkouts Full call number Barcode Date last seen Price effective from Koha item type
    Dewey Decimal Classification   NOT LOAN / إعارة داخلية مكتبة كلية العلوم الإقتصادية والعلوم التجارية وعلوم التسيير مكتبة كلية العلوم الإقتصادية والعلوم التجارية وعلوم التسيير 07/05/2026 الطابق الأرضي 3923   أ/2829ن1 3923 07/05/2026 07/05/2026 كتب
    Dewey Decimal Classification   Available مكتبة كلية العلوم الإقتصادية والعلوم التجارية وعلوم التسيير مكتبة كلية العلوم الإقتصادية والعلوم التجارية وعلوم التسيير 07/05/2026 الطابق الأرضي 3924   أ/2829ن2 3924 07/05/2026 07/05/2026 كتب
    Dewey Decimal Classification   Available مكتبة كلية العلوم الإقتصادية والعلوم التجارية وعلوم التسيير مكتبة كلية العلوم الإقتصادية والعلوم التجارية وعلوم التسيير 07/05/2026 الطابق الأرضي 3925   أ/2829ن3 3925 07/05/2026 07/05/2026 كتب
    Dewey Decimal Classification   Available مكتبة كلية العلوم الإقتصادية والعلوم التجارية وعلوم التسيير مكتبة كلية العلوم الإقتصادية والعلوم التجارية وعلوم التسيير 07/05/2026 الطابق الثاني 3926   أ/2829ن4 3926 07/05/2026 07/05/2026 كتب
    Dewey Decimal Classification   Available مكتبة كلية العلوم الإقتصادية والعلوم التجارية وعلوم التسيير مكتبة كلية العلوم الإقتصادية والعلوم التجارية وعلوم التسيير 07/05/2026 الطابق الثاني 3927   أ/2829ن5 3927 07/05/2026 07/05/2026 كتب
    Dewey Decimal Classification   Available مكتبة كلية العلوم الإقتصادية والعلوم التجارية وعلوم التسيير مكتبة كلية العلوم الإقتصادية والعلوم التجارية وعلوم التسيير 07/05/2026 مكتبة بن عكنون 3928   أ/2829ن6 3928 07/05/2026 07/05/2026 كتب
    Dewey Decimal Classification   Available مكتبة كلية العلوم الإقتصادية والعلوم التجارية وعلوم التسيير مكتبة كلية العلوم الإقتصادية والعلوم التجارية وعلوم التسيير 07/05/2026 مكتبة بن عكنون 3929   أ/2829ن7 3929 07/05/2026 07/05/2026 كتب
    Dewey Decimal Classification   Available مكتبة كلية العلوم الإقتصادية والعلوم التجارية وعلوم التسيير مكتبة كلية العلوم الإقتصادية والعلوم التجارية وعلوم التسيير 07/05/2026 مكتبة بن عكنون 3930   أ/2829ن8 3930 07/05/2026 07/05/2026 كتب

موارد الويب المفتوحة


© University of Algiers 3 All Rights Reserved
|
Implemented by LECHELAH Riad